| 000 | 00695nam a2200217Ia 4500 | ||
|---|---|---|---|
| 005 | 20241129111401.0 | ||
| 008 | 241129s9999||||xx |||||||||||||| ||und|| | ||
| 020 | _a978-81-246-1074-9 | ||
| 037 | _aREF | ||
| 040 |
_aCRL _beng _cCRL |
||
| 041 |
_aeng _2eng |
||
| 084 |
_aP:(R), R2.1-.2(RR) _qCRL |
||
| 100 | _aTiwari Devendra Nath Au. | ||
| 245 | 0 |
_aDynamics of the language: philosophy of the world of words _cTiwari Devendra Nath Au. |
|
| 260 |
_aNew Delhi, India _bD. K. Printworld _c2022 |
||
| 365 |
_aINR _b4000 |
||
| 490 |
_aPhilosophy of the world of words; 1,2 _vVol. 1 |
||
| 650 |
_aLinguistic _9558313 |
||
| 942 |
_cREF _hP:(R), R2.1-.2(RR) |
||
| 999 |
_c1230215 _d1230215 |
||